Largest Cities In New Mexico - Statistics

General Stats
  • This quiz has been taken 52 times
  • The average score is 6 of 9
Answer Stats
Pop. City % Correct
558,545 Albuquerque
100%
83,776 Santa Fe
95%
101,712 Las Cruces
84%
47,775 Roswell
74%
89,320 Rio Rancho
71%
45,450 Farmington
61%
37,764 Hobbs
37%
31,248 Alamogordo
32%
38,962 Clovis
26%
No matching quizzes found
Score Distribution
Percent of People with Each Score
Percentile by Number Answered
Your Score History
You have not taken this quiz